书目信息 |
| 题名: |
天体的音乐
|
|
| 作者: | 詹姆斯 著 ;李晓东 译 | |
| 分册: | ||
| 出版信息: | 长春 吉林人民出版社 2005 |
|
| 页数: | 272页 | |
| 开本: | 20cm | |
| 丛书名: | 大美译丛 | |
| 单 册: | ||
| 中图分类: | J60-02 | |
| 科图分类: | ||
| 主题词: | 音乐哲学--研究 , 音乐哲学 | |
| 电子资源: | ||
| ISBN: | 7-206-04114-0 | |
| 000 | 01131oam2 2200301 45 | |
| 001 | 012006041501 | |
| 005 | 20070106145449.29 | |
| 010 | @a7-206-04114-0@dCNY22.00 | |
| 092 | @aCN@b489836 | |
| 100 | @a20060415d2005 em y0chiy0110 ea | |
| 101 | 1 | @achi@ceng |
| 102 | @aCN@b220000 | |
| 105 | @ay z 001yy | |
| 200 | 1 | @a天体的音乐@Atian ti de yin yue@e音乐、科学和宇宙自然秩序@Eyin yue、 ke xue he yu zhou zi ran zhi xu@f(美)杰米·詹姆斯(Jamie James)著@F( mei ) jie mi· zhan mu si (Jamie James) zhu@g李晓东译@Gli xiao dong yi |
| 205 | @a2版 | |
| 210 | @a长春@c吉林人民出版社@d2005 | |
| 215 | @a272页@d20cm | |
| 225 | 2 | @a大美译丛 |
| 320 | @a有书目(第237~240页) | |
| 330 | @a本书从古希腊毕达哥拉斯谈起,经中世纪而到文艺复兴,直到近现代。使用的是音乐的素材,叙述的是人间的音乐,阐释的是音乐构成的世界,试图囊括进音乐和科学之间相交叉的领域。 | |
| 461 | 0 | @12001 @a大美译丛 |
| 606 | 0 | @a音乐哲学@x研究 |
| 606 | 0 | @a音乐哲学 |
| 690 | @aJ60-02@v4 | |
| 701 | 0 | @c(美)@a詹姆斯@Azhan mu si@c(James, Jamie)@4著 |
| 702 | 0 | @a李晓东@Ali xiao dong@4译 |
| 801 | 0 | @aCN@bLZJBOOK@c20070106 |
| 905 | @a10447@dJ60-02@e399=2 | |
| 天体的音乐:音乐、科学和宇宙自然秩序/(美)杰米·詹姆斯(Jamie James)著/李晓东译.-2版.-长春:吉林人民出版社,2005 |
| 272页;20cm.-(大美译丛) |
| ISBN 7-206-04114-0:CNY22.00 |
| 本书从古希腊毕达哥拉斯谈起,经中世纪而到文艺复兴,直到近现代。使用的是音乐的素材,叙述的是人间的音乐,阐释的是音乐构成的世界,试图囊括进音乐和科学之间相交叉的领域。 |
| ● |
| 相关链接 |
|
|
|
|
正题名:天体的音乐
索取号:J60-02/399=2
 
预约/预借
| 序号 | 登录号 | 条形码 | 馆藏地/架位号 | 状态 | 备注 |
| 1 | 0557310 | 205573100 | 第一样本阅览室/ [索取号:J60-02/399=2] | 在馆 | |
| 2 | 0557311 | 205573119 | 第一借阅区/ [索取号:J60-02/399=2] | 在馆 | |
| 3 | 0557312 | 205573128 | 第一借阅区/ [索取号:J60-02/399=2] | 在馆 | |
| 4 | 0557313 | 205573137 | 第一借阅区/ [索取号:J60-02/399=2] | 在馆 | |
| 5 | 0557316 | 205573164 | 第一借阅区/ [索取号:J60-02/399=2] | 在馆 | |
| 6 | 0557317 | 205573173 | 第一借阅区/ [索取号:J60-02/399=2] | 在馆 | |
| 7 | 0557318 | 205573182 | 第一借阅区/ [索取号:J60-02/399=2] | 在馆 | |
| 8 | 0557319 | 205573191 | 第一借阅区/ [索取号:J60-02/399=2] | 在馆 |